|
|
|
|
| LEADER |
01312nam a2200289 a 4500 |
| 001 |
37701101 |
| 008 |
110731r19991997at a b 100 0 eng d |
| 020 |
|
|
|a 0732611563
|
| 040 |
|
|
|a OUN
|c OUN
|d UIU
|d OCL
|d ANV
|d BD-DhAAL
|
| 082 |
0 |
4 |
|a 305.4209598
|2 21
|
| 245 |
0 |
0 |
|a Women creating Indonesia :
|b the first fifty years /
|c edited by Jean Gelman Taylor
|
| 260 |
|
|
|a Clayton, Vic., Australia :
|b Monash Asia Institute,
|c 1999
|
| 300 |
|
|
|a xxv, 206 p. :
|b ill. ;
|c 22 cm
|
| 490 |
1 |
|
|a Monash paper on Southeast Asia ;
|v no. 44
|
| 500 |
|
|
|a Papers presented at the Asian Studies Association of Australia's 4th Women in Asia Conference, October 1993
|
| 504 |
|
|
|a Includes bibliographical references and index.
|
| 541 |
|
|
|e 00023261
|
| 650 |
|
0 |
|a Women
|z Indonesia
|x History
|
| 650 |
|
0 |
|a Women
|z Indonesia
|x Social conditions
|
| 650 |
|
0 |
|a Women
|x Employment
|z Indonesia
|
| 700 |
1 |
|
|a Taylor, Jean Gelman,
|d 1944-
|
| 710 |
2 |
|
|a Monash Asia Institute
|
| 711 |
2 |
|
|a Women in Asia Conference
|n (4th :
|d 1993 :
|c University of Melbourne)
|
| 830 |
|
0 |
|a Monash papers on Southeast Asia ;
|v no. 44
|
| 852 |
1 |
|
|a Ayesha Abed Library
|c General Shelf.
|
| 999 |
|
|
|c 11151
|d 11151
|
| 952 |
|
|
|0 0
|1 0
|2 ddc
|4 0
|6 305_420959800000000_WOM
|7 0
|9 17702
|a BRACUL
|b BRACUL
|c GEN
|d 2011-07-26
|l 0
|o 305.4209598 WOM
|p 3010023261
|r 2011-08-01
|t 1
|w 2011-08-01
|y BK
|